000
00305nam a2200133 a 4500
005
20140414093835.0
008
030610s19uu xx 00 eng d
050
_a
CDR 909
_b
IMP 1995
245
_a
Imperialism.
650
_a
World history.
650
_a
Imperialism.
942
_c
AVM
999
_c
108956
_d
108956